000 00572nam a2200205Ia 4500
999 _c125
_d125
003 0100
008 130227s9999 xx 000 0 und d
040 _cARRUPELIB
050 _aDT16.B2W5
100 _aWilloughby, William Charles
_931175
245 _aRace problems in the new Afrca
245 _bA study of the relation of Bantu and Britons in those parts of Bantu Africa which are under British control
260 _bClarendon Press
_aOxford
_c1927
300 _a296p
300 _b 21cm
650 _bBantus
_925845
650 _bAfrica
_xRace question
_931176
942 _2lcc
_cMONOGRAPH